|
|
|
|
| LEADER |
00000nab a2200000 a 4500 |
| 001 |
vtls000118855 |
| 003 |
SK-MaSNL |
| 005 |
20260304060225.0 |
| 008 |
250422c1982 xo 0 slo |
| 015 |
|
|
|a SNBRB19rr/mm-uuuuu
|
| 035 |
|
|
|a CL0128960
|
| 035 |
|
|
|a urn:nbn:sk:snk-ab6oem
|
| 035 |
|
|
|a (uuid)61c0300d-1304-4145-b7e0-fc4e748a7ff1
|
| 035 |
|
|
|a (urnnbn)urn:nbn:sk:snk:ar-005oou
|
| 035 |
|
|
|a (sysno)vtls000118855
|
| 040 |
|
|
|a SNKBUCL
|b slo
|c SNKBUCL
|e AACR2
|
| 041 |
0 |
|
|a cze
|
| 044 |
|
|
|a xo
|c SK
|
| 080 |
|
|
|a 621.791
|2 1981
|
| 100 |
1 |
|
|a Štupl, Karel,
|d 1934-
|4 aut
|9 7241
|
| 245 |
1 |
0 |
|a Robot pro obloukové svařování v ochranné atmosféře
|c Karel Štupl, Bedřich Brabec
|
| 300 |
|
|
|b Obr. 3.
|
| 650 |
0 |
7 |
|a zváranie v ochrannej atmosfére
|2 snkbucl
|9 320847
|
| 655 |
|
7 |
|a články z novín a časopisov
|2 snkbucl
|9 267496
|
| 700 |
1 |
|
|a Brabec, Bedřich
|4 aut
|9 1232760
|
| 773 |
0 |
|
|t Zváranie
|g Roč. 31, č. 2 (1982), s. 54-56
|
| 850 |
|
|
|a Slovenská národná knižnica
|
| 852 |
|
|
|a Slovenská národná knižnica
|
| 954 |
|
|
|a odborná, vedecká literatúra pôvodná (slovenská)
|2 lita
|
| 954 |
|
|
|a odborná, vedecká literatúra cudzojazyčná (svetová)
|2 lita
|
| 958 |
|
|
|a article
|
| 958 |
|
|
|a OND
|
| 958 |
|
|
|a RK
|
| 958 |
|
|
|a CZ
|
| 958 |
|
|
|a EUIPO
|
| 992 |
|
|
|a RBX
|
| 999 |
|
|
|c 2727804
|d 2729734
|